banner koha

Extração de B-glucanas de cevada e caracterização parcial do amido residual (Registro n. 217101)

MARC details
000 -LÍDER
campo de controle de tamanho fixo 01016nas a2200337 4500
001 - NÚMERO DE CONTROLE
campo de controle BR2012000703
003 - IDENTIFICADOR DO NÚMERO DE CONTROLE
campo de controle BR-BrBNA
005 - DATA E HORÁRIO DA ÚLTIMA TRANSAÇÃO
campo de controle 20231205120119.0
007 - CAMPO FIXO DE DESCRIÇÃO FÍSICA--INFORMAÇÃO GERAL
campo de controle de tamanho fixo ta
008 - CAMPO DE DADOS FIXOS--INFORMAÇÃO GERAL
campo de controle de tamanho fixo 230509b bl.|||p| |||| 00| 00por d
040 ## - FONTE DA CATALOGAÇÃO
Instituição da catalogação original BR-BrBNA
Idioma da catalogação por
Instituição que transcreveu o registro Biblioteca Nacional de Agricultura
041 ## - CÓDIGO DE IDIOMA
Código do idioma do texto/trilha sonora ou título diferente (Pt)
072 ## - CÓDIGO DE CATEGORIA DE ASSUNTO
Código de Categoria de Assunto Q02
100 1# - ENTRADA PRINCIPAL--NOME PESSOAL
Nome pessoal Limberger, V.M.
100 1# - ENTRADA PRINCIPAL--NOME PESSOAL
Nome pessoal Francisco, A. de
100 1# - ENTRADA PRINCIPAL--NOME PESSOAL
Nome pessoal Borges, M.R.
100 1# - ENTRADA PRINCIPAL--NOME PESSOAL
Nome pessoal Oro, T.
100 1# - ENTRADA PRINCIPAL--NOME PESSOAL
Nome pessoal Ogliari, P.J.
100 1# - ENTRADA PRINCIPAL--NOME PESSOAL
Nome pessoal Scheuer, P.M.
100 1# - ENTRADA PRINCIPAL--NOME PESSOAL
Nome pessoal Noronha, C.M.
245 1# - TÍTULO
Título Extração de B-glucanas de cevada e caracterização parcial do amido residual
246 1# - FORMA VARIANTE DO TÍTULO
Título/título abreviado Extraction of barley B-glucans and partial characterization of residual starch
650 ## - ASSUNTO--TERMO TÓPICO
Cabeçalho tópico ou nome geográfico CEVADA
650 ## - ASSUNTO--TERMO TÓPICO
Cabeçalho tópico ou nome geográfico HORDEUM VULGARE
650 ## - ASSUNTO--TERMO TÓPICO
Cabeçalho tópico ou nome geográfico AMIDO
650 ## - ASSUNTO--TERMO TÓPICO
Cabeçalho tópico ou nome geográfico SUBPRODUTO
650 ## - ASSUNTO--TERMO TÓPICO
Cabeçalho tópico ou nome geográfico TECNOLOGIA
773 0# - ENTRADA ANALÍTICA
Título Ciência Rural (Brazil)
ISSN - International Standard Serial Number ISSN 0103-8478
Partes relacionadas (Dec 2011), v. 41(12) p. 2217-2223
Número de controle do registro BR2012000703
909 ## -
-- 202311
-- Lúcia
-- 55
-- Lúcia Elande
942 ## - ELEMENTOS DE ENTRADA ADICIONADOS (KOHA)
Fonte da classificação ou esquema de arquivamento na estante Classificação AGRIS
Ocultar no OPAC Não
Tipo de material Koha Analítica
Exemplares
Situação do descarte Fonte da classificação ou esquema de arquivamento na estante Situação física Não pode ser emprestado Biblioteca de origem Biblioteca atual Localização na estante Enumeração do periódico / cronologia Total de empréstimos Data de último acesso Número do exemplar Tipo de material Koha Fonte de aquisição
  Classificação AGRIS   Consulta local Biblioteca Nacional de Agricultura - Binagri Biblioteca Nacional de Agricultura - Binagri   (Dec 2011), v. 41(12) p. 2217-2223   29/11/2023 01 Periódicos Portaria Interministerial nº 164/94

BINAGRI

Telefone: (61)3218-2567/2388/3357/2097 - binagri@agro.gov.br

Ministério da Agricultura e Pecuária , Esplanada dos Ministérios, Bloco D, Anexo B, Brasília/DF, CEP: 70.043-900